000
00422nam a22001097a 4500
082
_a
910
100
_a
सैनी,अजय
_9
83962
245
_a
सम्पूर्ण भारत के सांस्कृतिक पर्यटनस्थल
260
_a
हरियाणा
_b
हिमानी पुस्तक भण्डार
_c
2025
650
_a
यात्रा
942
_c
HIN
999
_c
68978
_d
68978